01047nam1a22002531i 4500001001500000005001700015035002600032100004100058101001300099102000700112105001800119200019700137210004200334215001400376300006300390320003900453510008400492700006700576701005200643801001800695801002700713852002100740852003200761v19\rc\211425220240726004732.0 a(NLR Aleph) 005186993 a20090914g18971899|||y0rusy50 ca1 aruscfre aRU a z |||||1 aМикробные болезни животныхd(Les maladiés microbiennes des animaux, par Ed. Nocard et E. Leclainche)eПер. с фр. с добавлениями. Вып. [1]-4zfre cТренке и Фюсноd1897-1899 a4 т.d23 aПеред загл. авт.: Нокар и Леклэнш aБиблиогр. в примеч.0 a(Les maladiés microbiennes des animaux, par Ed. Nocard et E. Leclainche)zfre 16z01790aНокарbЭ.И.f1850-1903gЭдмон Исидор 16z02790aЛекленшbЭ.gЭммануэль 0aRUbNLRgpsbo 1aRUbProSoft-M2rusmarc aNLRj18.211.5.62 aNLRj2/229н(период.)